Manuel Alvarez Bravo (Record no. 8873)
[ view plain ]
| 000 -CABECERA | |
|---|---|
| campo de control de longitud fija | 00649nam a2200217 a 4500 |
| 001 - NÚMERO DE CONTROL | |
| campo de control | BRL_60 |
| 005 - FECHA Y HORA DE LA ÚLTIMA TRANSACCIÓN | |
| campo de control | 20190320210554.0 |
| 008 - DATOS DE LONGITUD FIJA--INFORMACIÓN GENERAL | |
| campo de control de longitud fija | 031012s1945----mx-a######---#000-0#spa-# |
| 041 ## - CÓDIGO DE LENGUA | |
| Código de lengua del texto/banda sonora o título independiente | spa |
| 044 ## - CÓDIGO DEL PAÍS DE LA ENTIDAD EDITORA/PRODUCTORA | |
| Código MARC del país | mx |
| 050 #4 - SIGNATURA TOPOGRÁFICA DE LA BIBLIOTECA DEL CONGRESO | |
| Número de clasificación | TR647 |
| Número de documento/Ítem | .M36 1945 |
| 245 10 - MENCIÓN DE TÍTULO | |
| Título | Manuel Alvarez Bravo |
| Resto del título | fotografías. |
| 260 ## - PUBLICACIÓN, DISTRIBUCIÓN, ETC. | |
| Lugar de publicación, distribución, etc. | México |
| Nombre del editor, distribuidor, etc. | Sociedad de Arte Moderno |
| Fecha de publicación, distribución, etc. | 1945 |
| 300 ## - DESCRIPCIÓN FÍSICA | |
| Extensión | 93 p. |
| Otras características físicas | il. |
| Dimensiones | 28 cm. |
| 500 ## - NOTA GENERAL | |
| Nota general | Catálogo de la tercera exposición de la Sociedad de Arte Moderno (México), julio 1945 |
| 500 ## - NOTA GENERAL | |
| Nota general | Au35 |
| 600 14 - PUNTO DE ACCESO ADICIONAL DE MATERIA--NOMBRE DE PERSONA | |
| Nombre de persona | Alvarez Bravo, Manuel |
| Fechas asociadas al nombre | 1902-2002 |
| 9 (RLIN) | 22794 |
| 650 14 - PUNTO DE ACCESO ADICIONAL DE MATERIA--TÉRMINO DE MATERIA | |
| Término de materia o nombre geográfico como elemento de entrada | Fotografía artística |
| Subdivisión geográfica | México |
| 9 (RLIN) | 22795 |
| 902 ## - CATALOGADOR | |
| Iniciales | GRL |
| 942 ## - ELEMENTOS DE PUNTO DE ACCESO ADICIONAL (KOHA) | |
| Fuente del sistema de clasificación o colocación | Library of Congress Classification |
| Tipo de ítem Koha | Libros |
| Estado de retiro | Estado de pérdida | Estado dañado | No para préstamo | Localización permanente | Ubicación/localización actual | Fecha de adquisición | Número de inventario | Total de préstamos | Signatura topográfica completa | Código de barras | Fecha visto por última vez | Precio válido a partir de | Tipo de ítem Koha |
|---|---|---|---|---|---|---|---|---|---|---|---|---|---|
| El ejemplar forma parte de la colección y puede ser consultado según las políticas vigentes. | Biblioteca Centro de Estudios Ruth D. Lechuga | Biblioteca Centro de Estudios Ruth D. Lechuga | 03/10/2012 | Au35 | TR647 .M36 1945 (Au35) | GRL00059 | 22/03/2019 | 22/03/2019 | Libros |